• 首页
  • 本馆介绍
  • 公告通知
  • 最新文献
  • 馆藏检索
  • 电子资源
  • 读者导购
  • 参考咨询
  • 我的图书馆
  • 登录
  • 详细信息显示
  • 放入我的书架
  • 预约/预借图书
  • 作者相关作品
  • 分类相关作品
  • 丛书相关作品
  • 出版社相关作品

书目信息

  • 表格格式
  • 工作单格式
  • 卡片格式
题名:
树桩盆景造型与养护宝典
    
 
作者: 兑宝峰 编著
分册:  
出版信息: 北京   中国林业出版社  2019.05
页数: 314页
开本: 26cm
丛书名:
单 册:
中图分类: S688.1-64
科图分类:
主题词: 盆景--pen jing--观赏园艺--中国--图集
电子资源:
ISBN: 978-7-5219-0009-5
000 01005nam0 2200241 450
001 0106081854
005 20201106082046.0
010    @a978-7-5219-0009-5@dCNY88.00
100    @a20190626d2019 em y0chiy50 ea
101 0  @achi
102    @aCN@b110000
105    @aa z 000yy
106    @ar
200 1  @a树桩盆景造型与养护宝典@Ashu zhuang pen jing zao xing yu yang hu bao dian@f兑宝峰编著
210    @a北京@c中国林业出版社@d2019.05
215    @a314页@c彩图@d26cm
314    @a兑宝峰,男,《中国花卉报》特约记者。著有《玩转多肉植物》等。
330    @a本书介绍了适合制作盆景的树桩植物种类,包括松柏、杂木、花果、草本以及多肉植物,每一个树种都有详细的特征介绍、造型要点和养护要点,书后附有盆景养护月历。为了增加书的知识性和趣味性,还以TIPS的形式,介绍了一些盆景方面的小知识以及盆景与自然、美学等方面的关系。
606 0  @a盆景@Apen jing@x观赏园艺@y中国@j图集
690    @aS688.1-64@v5
701  0 @a兑宝峰@Adui bao feng@4编著
801  0 @aCN@bBJSZM@c20201106
905    @b1193572-5@dS688.1-64@e618@f4
    
    树桩盆景造型与养护宝典/兑宝峰编著.-北京:中国林业出版社,2019.05
    314页:彩图;26cm
    
    
    ISBN 978-7-5219-0009-5:CNY88.00
    本书介绍了适合制作盆景的树桩植物种类,包括松柏、杂木、花果、草本以及多肉植物,每一个树种都有详细的特征介绍、造型要点和养护要点,书后附有盆景养护月历。为了增加书的知识性和趣味性,还以TIPS的形式,介绍了一些盆景方面的小知识以及盆景与自然、美学等方面的关系。
●
相关链接 在E读中查询图书 在五车中查询图书 在当当中查询图书 在豆瓣中查询图书


正题名:树桩盆景造型与养护宝典     索取号:S688.1-64/618         预约/预借

序号 登录号 条形码 馆藏地/架位号 状态 备注
1 1193572   211935726   第二样本阅览室/ [索取号:S688.1-64/618] 在馆    
2 1193573   211935735   第三借阅区/ [索取号:S688.1-64/618] 在馆    
3 1193574   211935744   第三借阅区/ [索取号:S688.1-64/618] 在馆    
4 1193575   211935753   第三借阅区/ [索取号:S688.1-64/618] 在馆    
唐山师范学院图书馆 欢迎您!
大连网信软件有限公司© 版权所有